000 00376nam a2200145Ia 4500
008 100122s9999 xx 000 0 und d
082 _b63171
_a821
100 _aधुळे प्रकाश
245 _aगजल
260 _bमॅजेस्टिक प्रकाशन
_c2003
300 _a271
630 _aगजल
730 _aगजल
942 _cBOOK
999 _c437258
_d437255